000 00608cam a22001577a 4500
008 180718b1972 xxu||||| |||| 00| 0 eng d
082 _aZx54 Su16
245 _aNew strategy in agriculture: a collection of the speeches by C. Subramaniam
260 _aNew Delhi
_bIndian Council of Agricultural Research
_c1972
300 _a301p.
650 _aSubramaniam, C. - Address, speeches, etc.
650 _aAgricultural administration - India
650 _aAgriculture - India - Statistics
650 _aAgricultural extension work - Government policy - India
650 _aAgriculture - Economic aspects - India
999 _c491788
_d491788